كتاب المغازى للواقدى /;; Kitāb al-Maghāzī lil-Wāqidī / (Record no. 78830)
[ view plain ]
| 000 -LEADER | |
|---|---|
| fixed length control field | 01180nam a2200265 a 4500 |
| 001 - CONTROL NUMBER | |
| control field | 78830 |
| 003 - CONTROL NUMBER IDENTIFIER | |
| rucl marc code | BD-RjUL |
| 005 - DATE AND TIME OF LATEST TRANSACTION | |
| control field | 20211209083158.0 |
| 008 - FIXED-LENGTH DATA ELEMENTS--GENERAL INFORMATION | |
| fixed length control field | 010917s1966 enka b 000 0 ara d |
| 035 ## - SYSTEM CONTROL NUMBER | |
| System control number | (BD-RjUL) 79057 |
| 040 ## - CATALOGING SOURCE | |
| Original cataloging agency | MST |
| Transcribing agency | MST |
| Modifying agency | m/c |
| -- | STF |
| -- | UaCaAUL |
| -- | UkOxU |
| Language of cataloging | eng |
| 041 ## - LANGUAGE CODE | |
| Language code of text/sound track or separate title | ara |
| 082 ## - DEWEY DECIMAL CLASSIFICATION NUMBER | |
| Edition number | 23 |
| Classification number | 297.63 |
| Author mark and year | WAM 1966 |
| 100 1# - MAIN ENTRY--PERSONAL NAME | |
| Personal name | واقدى، محمد بن عمر.;; Wāqidī, Muḥammad ibn ʿUmar, |
| Dates associated with a name | 747 or 748-823. |
| 9 (RLIN) | 250230 |
| 245 10 - TITLE STATEMENT | |
| Title | كتاب المغازى للواقدى /;; Kitāb al-Maghāzī lil-Wāqidī / |
| Statement of responsibility, etc. | محمد بن عمر بن واقد ؛ تحقيق مارسدن جونس.;; Muḥammad ibn ʿUmar ibn Wāqid ; taḥqīq Mārsdin Jūns. |
| 246 15 - VARYING FORM OF TITLE | |
| Title proper/short title | Kitāb al-Mag̲ẖāzī of al-Wāqidī |
| 260 ## - PUBLICATION, DISTRIBUTION, ETC. (IMPRINT) | |
| Linkage | 880-04 |
| Place of publication, distribution, etc. | لندن :;; Landan : |
| Name of publisher, distributor, etc. | مطبعة جامعة أکسفورد،;; Maṭbaʿat Jāmiʿat Aksfūrd, |
| Date of publication, distribution, etc. | 1966. |
| 300 ## - PHYSICAL DESCRIPTION | |
| Pagination | 3 v. (46, xiii, 1321 p., 8 leaves of plates) : |
| Illustrations | ill. ; |
| Size | 25 cm. |
| 504 ## - BIBLIOGRAPHY, ETC. NOTE | |
| Bibliography, etc | Includes bibliographical references. |
| 505 ## - FORMATTED CONTENTS NOTE | |
| Formatted contents note | Vol. 3.-- |
| 600 00 - SUBJECT ADDED ENTRY--PERSONAL NAME | |
| Personal name | Muḥammad, |
| Titles and other words associated with a name | Prophet, |
| Dates associated with a name | -632 |
| General subdivision | Military leadership. |
| 700 1# - ADDED ENTRY--PERSONAL NAME | |
| Personal name | Jones, Marsden. |
| 942 ## - ADDED ENTRY ELEMENTS (KOHA) | |
| Source of classification or shelving scheme | Dewey Decimal Classification |
| Koha item type | Books |
| Lost status | Source of classification or shelving scheme | Damaged status | Not for loan | Collection code | Permanent Location | Current Location | Shelving location | Date acquired | Total Checkouts | Full call number | Date last seen | Copy number | Koha item type |
|---|---|---|---|---|---|---|---|---|---|---|---|---|---|
| Dewey Decimal Classification | Not For Loan | Non-fiction | Central Library, University of Rajshahi | Central Library, University of Rajshahi | Reading Room | 20/11/2021 | A 297.63 WAM V-3 1966 | 20/11/2021 | C-1 | Books |